Kaupungit maittain #4 - Statistics

Yleistilastot
  • Tätä visaa on pelattu 773 kertaa
  • Keskiarvotulos 16 / 27
Vastaustilastot
Kaupunki Valtio % Oikein
Torino Italia
96%
Bordeaux Ranska
94%
Sevilla Espanja
93%
Phuket Thaimaa
88%
Abu Dhabi Yhdistyneet arabiemiraatit
85%
Lyypekki Saksa
83%
Kaliningrad Venäjä
83%
Brisbane Australia
80%
Sapporo Japani
78%
Phnom Penh Kambodža
63%
Medina Saudi-Arabia
62%
Mombasa Kenia
61%
Cancún Meksiko
61%
Türkmenbaşy Turkmenistan
61%
Christchurch Uusi-Seelanti
55%
Nassau Bahama
54%
Coventry Yhdistynyt kuningaskunta
53%
Busan Etelä-Korea
44%
Naypyidaw Myanmar
40%
Boise Yhdysvallat
39%
Assuan Egypti
35%
Varanasi Intia
34%
Faro Portugali
33%
Denpasar Indonesia
31%
Cluj-Napoca Romania
28%
Curitiba Brasilia
27%
Kisangani Kongon dem. tasavalta
23%
Ehtoja vastaavia visoja ei löytynyt
Tulosjakauma
Jokaisen tuloksen saaneiden osuus
Persentiili vastausten määrän mukaan
Tuloshistoriasi
Et ole pelannut tätä visaa